000
00298nam a2200121Ia 4500
008
231129s9999||||xx |||||||||||||| ||spa||
040
_b
spa
082
_a
193 A241i
100
_a
Adorno Theodor W
245
0
_a
Intervenciones: Nueve modelos de critica
264
_a
Monte Avila
942
_2
ddc
_c
BKS
999
_c
15812
_d
15812